000 00351nam a22001457a 4500
020 _qHB.
040 _cFIZZA ISHAQ
082 _a628.3
_bWEF
100 _aPRESS,WEF.
_990199
245 _aINDUSTRIAL WASTE WATER MANAGEMENTS DISPOSAL /
_cWEF PRESS.
250 _a3rd ED.
260 _aNEW YORK ;
_c2008 P. ;
300 _a568 P. ;
942 _2ddc
_cBK
999 _c588562
_d588562